CO TO ZA CHAMPION Z LEAGUE OF LEGENDS #1 - Statystyki

Ogólne statystyki
  • Ten quiz został rozwiązany 178 razy
  • Średni wynik to 4 z 8
Statystyki odpowiedzi
Obrazkowy Odpowiedź % Poprawnych
XIN ZHAO
95%
CAITLYN
71%
DR MUNDO
69%
EZREAL
65%
HECARIM
62%
NAUTILUS
25%
SENNA
23%
RENEKTON
17%
Nie znaleziono quizów pasujących do podanych kryteriów
Rozkład punktacji
Procent ludzi z każdym wynikiem
Percentyl według liczby udzielonych odpowiedzi
Twoja historia wyników
Nie rozwiązałeś tego quizu